000 00816nam a2200265Ia 4500
003 OSt
005 20220928124333.0
006 a|||||r|||| 00| 0
007 ta
008 220927b |||||||| |||| 00| 0 eng d
020 _c9803.7309999999998
024 _a119124
037 _b25, 22/08/2013, Pioneer Book Distributors
_cTextual
040 _aSDCL
_cSDCL
_beng
041 _2eng
_aeng
082 _aX81:8g, Q3
100 _aChan N.H
_9464470
245 0 _aHandbook of financial risk management
_b Simulations and case studies
260 _aHoboken
_bWiley
_c2013
300 _axv;412p.
_ccm.
650 _aFinancial Studies
700 _a Wong H.Y
_9464471
942 _hX81:8g, Q3
_cTEXL
_2CC
999 _c777381
_d777381